000 00266nam a2200109Ia 4500
008 220214s9999 xx 000 0 und d
100 _aNorton K.R.
245 0 _aBoron deficiency in bananas
260 _bTropical Agriculture
_c1965
300 _a361-365
942 _cRE
999 _c45958
_d45958